000 00370 a2200109 4500
001 ART_10860
005 20260410161853.0
008 260409a
245 1 0 _aCompletitud del derecho
100 1 _aDíaz Bardelli, Julián
773 0 _tFilosofía del derecho
_gCuestiones conceptuales, metodológicas y normativas - Año I, Nº 1 (mayo 2012)
_wREV10449
999 _c25175
_d25175